Ochrana okružajuščej sredy kalijnych proizvodstv
Guardado en:
| Formato: | Libro |
|---|---|
| Lenguaje: | ruso |
| Publicado: |
Minsk :
Nauka i technika,
1979
|
| Etiquetas: |
Sin Etiquetas, Sea el primero en etiquetar este registro!
|
MARC
| LEADER | 00000nam a22000003a 4500 | ||
|---|---|---|---|
| 001 | stu40128 | ||
| 005 | 20141122044939.2 | ||
| 008 | 930405s1979----xxr-----------------rus-d | ||
| 040 | |a STU |b slo | ||
| 041 | 0 | |a rus | |
| 044 | |a xxr | ||
| 245 | |a Ochrana okružajuščej sredy kalijnych proizvodstv | ||
| 260 | |a Minsk : |b Nauka i technika, |c 1979 | ||
| 300 | |a 151 s | ||
| 996 | |b 284M062531 |c M*7289-1 |l MMKN |s A |a 24 |w stu40128_0001 | ||